=LDR 00000nam 2200000 4500 =001 INLIS00000000000077 =005 20260702043538 =020 ##$$a 979-9481-87-2 =082 ##$$a 636.513 =100 1#$$a Suhaeni, Neni =245 1 $$a Petunjuk Praktis Beternak Ayam Broiler /$c Neni Suhaeni =300 ##$$a 48 ; 14,5 x 21